|
|
|
|
| LEADER |
00000nam a2200000 a 4500 |
| 001 |
vtls001431253 |
| 003 |
SK-MaSNL |
| 005 |
20260302001904.0 |
| 008 |
240313s2001 xx 0 und |
| 020 |
|
|
|a 8071815438
|
| 035 |
|
|
|a SNK000386293
|
| 040 |
|
|
|a SNK
|b slo
|c SNK
|e AACR2
|
| 100 |
1 |
|
|a Haraksimová, Erna
|4 aut
|9 44127
|
| 245 |
1 |
|
|a Anglicko-slovenský slovensko-anglický slovník
|
| 260 |
|
|
|a Praha
|b Cesty
|c 2001
|
| 300 |
|
|
|a 896 s.
|
| 919 |
|
|
|a 80-7181-543-8
|
| 999 |
|
|
|c 985772
|d 987702
|
| 952 |
|
|
|a SNKPRIRUCN
|b SNKPULT
|y VYP
|7 0
|p 17A0464794
|o snkSC 116901 D3
|i snk2005/20629
|8 3
|g 14.90
|3 Vrátené z príručnej knižnice.
|0 0
|1 0
|4 0
|d 2005-12-02
|l 1
|q 2026-08-26
|r 2026-03-27 14:20:40
|s 2026-03-27
|w 2026-02-24
|
| 952 |
|
|
|a SNKPRIRUCN
|b SNKPULT
|y VYP
|7 0
|p 17A0424326
|o snkSC 116901 D2
|i snkK 874/2004
|8 3
|g 14.90
|3 Vrátené z príručnej knižnice.
|0 0
|1 0
|4 0
|d 2004-08-04
|l 1
|q 2026-08-18
|r 2026-03-27 14:46:15
|s 2026-03-27
|w 2026-02-24
|